We live in Canada

Bibliographic Details
Main Author: Brickenden, Jack
Format: Book
Published: England : Wayland , 1984
Series:We live in
Subjects:

MARC

LEADER 00000cam a2200000 7i4500
001 0000037330
005 20131001.0
008 131001
020 |a 0853408564 
090 0 0 |a 971.0644   |b BRI 
100 1 |a Brickenden, Jack 
245 1 0 |a We live in Canada   |c Jack Brickenden 
260 |a England :   |b Wayland ,   |c 1984 
440 |a We live in 
650 0 |a China   |x Social conditions 
999 |a 0001243356   |b Book   |c Adult Collection   |e Perbadanan Perpustakaan Awam Johor